Представление документа в формате RUSMARC

ПолеНазваниеЗначение
  Тип записи a
  Библиографический уровень a
001 Контрольный номер UONB/MAIN/9e8bf34134dc4a7fb63da70cb4adbb9a
005 Дата корректировки 20260423110549.0
100 Данные общей обработки __
a Данные общей обработки 20260423 ||| 0rusy0189 ca
101 Язык документа 0_
a Язык текста rus
102 Страна публикации __
a Страна публикации RU
200 Заглавие и сведения об ответственности 1_
a Заглавие "Птица" нового поколения
203 Вид содержания и тип средства __
a Вид содержания Текст
b Характеристика содержания визуальный
c Тип средства непосредственный
330 Аннотация __
a Аннотация История реализации совместного проекта ОКБ имени Туполева и ульяновского завода "Авиастар" по производству узкофюзеляжного среднемагистрального самолета Ту-204.
461 Уровень набора _0
1 2000
a Народная газета
463 Уровень физической единицы _0
1 2000
a № 16 (642) (22 апреля)
v С. 12
1 2101
d 2026
1 001UONB/MAIN/e4cb6d4f36c340cb888523532f85793e
607 Географические рубрики __
a Географическое наименование Ульяновск, город
610 Ключевые слова 0_
a Ключевые слова авиационные заводы; заводы; самолеты
686 Индексы других классификаций __
a Классификационный индекс 39.5
700 Автор _1
a Фамилия Золотникова
b Имя (инициалы) О.
g Полное личное имя Олеся
801 Источник записи _0
a Страна RU
b Организация Ульяновская ОНБ
c Дата составления 20260423
g Правила каталогизации RCR
801 Источник записи _1
a Страна RU
b Организация Ульяновская ОНБ
c Дата составления 20260423
g Правила каталогизации RCR
901 Тип документа __
t Тип документа f
w Контрольный № источника UONB/MAIN/e4cb6d4f36c340cb888523532f85793e
909 Создатель записи __
a Создатель записи Елягина
b Дата создания записи 20260423